Verbinde die Länder! #1 - Statistiken

Allgemein
  • Dieses Quiz wurde 157 mal gespielt
  • Das Durchschnittsergebnis liegt bei 10 aus 12
Antwortstatistiken
Erster Hinweis Land Zweiter Hinweis % Korrekt
Deutschland
95%
Frankreich Andorra la Vella
94%
Montevideo Argentinien Chile
87%
Russland Estland
87%
Panama Kolumbien Lima
85%
Mexiko Vereinigte Staaten
84%
Serbien Budapest
83%
Indien Kathmandu
80%
Port Moresby Indonesien Malaysia
80%
Warschau Ukraine Bukarest
79%
Sambia Simbabwe
72%
Mauretanien Senegal Banjul
63%
Keine übereinstimmenden Quizze gefunden
Verteilung der Resultate
Anzahl Personen mit jedem Resultat
Perzentil nach korrekt beantworteten Fragen
Ihre Resultats-Entwicklung
Sie haben dieses Quiz noch nicht gespielt